Hamilton- Right Hand Man - Statistics

General Stats
  • This quiz has been taken 1,129 times
    1,127 since last reset
  • The average score is 309 of 448
Answer Stats
Answer % Correct
a
98%
I
96%
man
95%
the
95%
yo
93%
hand
92%
right
92%
go
91%
we
91%
an
90%
he
89%
out
89%
was
89%
are
88%
in
88%
on
87%
you
87%
and
86%
can
86%
for
86%
need
86%
be
85%
General
85%
to
85%
I'm
84%
of
84%
Washington
84%
gonna
82%
here
82%
outgunned
82%
as
81%
how
81%
comes
80%
George
80%
my
80%
outmanned
80%
got
79%
outnumbered
79%
outplanned
79%
so
79%
up
79%
all
76%
me
76%
rise
76%
British
75%
it
75%
they
75%
troops
75%
New
74%
second
74%
stand
74%
York
74%
am
73%
only
73%
tell
73%
way
73%
who
73%
Harbor
72%
just
72%
let
72%
Mount
72%
people
72%
real
72%
war
72%
when
72%
make
71%
been
70%
pride
70%
there
70%
waiting
70%
gotta
69%
ladies
69%
millisecond
69%
moment
69%
one
69%
us
69%
Vernon
69%
you've
69%
boom
68%
knew
68%
shh-boom
68%
that
68%
but
67%
command
67%
or
67%
cannon
66%
feel
66%
fight
66%
give
66%
our
66%
water
66%
wished
66%
battlefield
65%
down
65%
kid
65%
poor
65%
surround
65%
this
65%
32000
64%
die
64%
gentlemen
64%
glory
64%
guard
62%
Caribbean
61%
story
61%
cannons
60%
either
60%
Hamilton
60%
is
60%
men
60%
will
60%
your
60%
em
59%
if
59%
land
59%
modern
59%
there's
59%
it's
58%
their
58%
Major
57%
model
57%
take
57%
keep
56%
put
55%
hey yo
53%
leading
53%
now
53%
retreating
52%
ship
52%
hear
51%
Howe's
51%
Virginian
51%
Admiral
50%
steal
50%
lining
49%
understand
49%
face
48%
pedestal
48%
we're
48%
abandon
47%
Brooklyn
47%
goes
47%
letters
47%
stop
47%
whose
47%
writing
47%
blood
46%
let's
46%
cannot
45%
look
45%
room
45%
shit
45%
spray
45%
another
44%
assistance
44%
elephant
44%
veteran
44%
Bay
43%
truth
43%
with
43%
venerated
42%
abandoning
41%
at
41%
can't
41%
eloquence
41%
ayo
40%
dire
40%
elegance
40%
relatives
40%
rob
40%
watch
40%
advantages
39%
check
39%
hope
39%
takes
39%
Tip
39%
won't
39%
guns
38%
lost
38%
rook
38%
Southern
38%
bleeding
37%
horses
37%
incoming!
37%
damages
36%
knight
36%
some
36%
afford
35%
America
35%
any
35%
fleeting
35%
has
35%
embellishing
34%
Kip's
34%
success
34%
these
34%
they're
34%
once
33%
slip
33%
defend
32%
everywhere
32%
God
32%
Harlem
32%
Battery
31%
quick
31%
which
31%
battering
30%
city
30%
granted
30%
close
29%
giddy
29%
mass
29%
distance
28%
stamina
28%
cut
27%
forces
27%
mutiny
27%
ride
27%
decide
25%
divvy
25%
Manhattan
25%
scream
25%
midnight
24%
giving
22%
skittish
18%
scrutiny
17%
facing
16%
mad
13%
win
7%
No matching quizzes found
Score Distribution
Percent of People with Each Score
Percentile by Number Answered
Your Score History
You have not taken this quiz since the last reset